Statistics for Mexican Presidents Since 1824

Click here to take the quiz!

General Stats

  • This quiz has been taken 22 times
  • The average score is 26 of 83

Answer Stats

Years in OfficeDuration in OfficePartyName% Correct
2018-IncumbentNational Regeneration MovementAndrés Manuel López Obrador
95%
2000-20066 yearsNational Action PartyVicente Fox
90%
2012-20186 yearsInstitutional Revolutionary PartyEnrique Peña Nieto
80%
2006-20126 yearsNational Action PartyFelipe Calderón
75%
1884-191126 years 176 daysNational Porfirist PartyPorfirio Díaz
75%
18768 daysLiberal PartyPorfirio Díaz
75%
1877-18803 years 296 daysLiberal PartyPorfirio Díaz
75%
1857-187215 years 212 daysLiberal PartyBenito Juárez
65%
1988-19946 yearsInstitutional Revolutionary PartyCarlos Salinas de Gortari
60%
1982-19886 yearsInstitutional Revolutionary PartyMiguel de la Madrid
60%
1994-20006 yearsInstitutional Revolutionary PartyErnesto Zedillo
55%
1911-19131 year 106 daysProgressive Constitutionalist PartyFrancisco Ignacio Madero
55%
1964-19706 yearsInstitutional Revolutionary PartyGustavo Díaz Ordaz
55%
1848146 daysLiberal PartyManuel de la Peña y Peña
55%
184765 daysLiberal PartyManuel de la Peña y Peña
55%
1841-18421 year 16 daysConservative PartyAntonio López de Santa Anna
50%
1847135 daysConservative PartyAntonio López de Santa Anna
50%
1843224 daysConservative PartyAntonio López de Santa Anna
50%
1834-1835288 daysConservative PartyAntonio López de Santa Anna
50%
1853-18552 years 106 daysConservative PartyAntonio López de Santa Anna
50%
1839115 daysConservative PartyAntonio López de Santa Anna
50%
184712 daysConservative PartyAntonio López de Santa Anna
50%
183347 daysConservative PartyAntonio López de Santa Anna
50%
183317 daysLiberal PartyAntonio López de Santa Anna
50%
183318 daysLiberal PartyAntonio López de Santa Anna
50%
1844100 daysConservative PartyAntonio López de Santa Anna
50%
1824-18294 years 172 daysIndpendentGuadalupe Victoria
50%
1914-19205 years 282 daysLiberal Constitutionalist PartyVenustiano Carranza
50%
1920-19244 yearsLaborist PartyÁlvaro Obregón
45%
1970-19766 yearsInstitutional Revolutionary PartyLuis Echeverría
45%
1958-19646 yearsInstitutional Revolutionary PartyAdolfo López Mateos
40%
184118 daysConservative PartyFrancisco Javier Echeverría
40%
1976-19826 yearsInstitutional Revolutionary PartyJosé López Portillo
40%
1924-19284 yearsLaborist PartyPlutarco Elías Calles
40%
1952-19586 yearsInstitutional Revolutionary PartyAdolfo Ruiz Cortines
35%
1934-19406 yearsNational Revolutionary PartyLázaro Cárdenas
35%
1946-19526 yearsInstitutional Revolutionary PartyMiguel Alemán Valdés
35%
1913-19141 year 139 daysIndependentVictoriano Huerta
35%
1920182 daysLiberal Constitutionalist PartyAdolfo de la Huerta
30%
1940-19466 yearsParty of the Mexican RevolutionManuel Ávila Camacho
30%
1829260 daysLiberal PartyVicente Guerrero
30%
1855-18572 years 6 daysLiberal PartyIgnacio Comonfort
25%
1830-18322 years 225 daysConservative PartyAnastasio Bustamante
20%
1837-18391 year 339 daysConservative PartyAnastasio Bustamante
20%
1839-18412 years 65 daysConservative PartyAnastasio Bustamante
20%
18296 daysLiberal PartyJosé María Bocanegra
20%
1872-18764 years 125 daysLiberal PartySebastián Lerdo de Tejada
20%
1932-19342 years 87 daysNational Revolutionary PartyAbelardo L. Rodríguez
15%
1928-19301 year 65 daysNational Revolutionary PartyEmilio Portes Gil
15%
1848-18513 years 247 daysLiberal PartyJosé Joaquín de Herrera
15%
1844-18451 year 24 daysLiberal PartyJosé Joaquín de Herrera
15%
18449 daysLiberal PartyJosé Joaquín de Herrera
15%
1876-187772 daysLiberal PartyJuan N. Méndez
15%
1880-18844 yearsLiberal PartyManuel González Flores
15%
1842-184329 daysConservative PartyNicolás Bravo
15%
18467 daysConservative PartyNicolás Bravo
15%
18398 daysConservative PartyNicolás Bravo
15%
1930-19322 years 213 daysNational Revolutionary PartyPascual Ortiz Rubio
15%
1913about 45 minutesIndependentPedro Lascuráin
15%
187633 daysLiberal PartyJosé María Iglesias
10%
1846140 daysConservative PartyJosé Mariano Salas
10%
185565 daysLiberal PartyJuan Álvarez
10%
1832-183397 daysLiberal PartyManuel Gómez Pedraza
10%
185372 daysConservative PartyManuel María Lombardini
10%
1851-18531 year 356 daysLiberal PartyMariano Arista
10%
1911164 daysIndependentFrancisco León de la Barra
5%
191429 daysIndependentFrancisco S. Carvajal
5%
1836-18371 year 51 daysConservative PartyJosé Justo Corro
5%
185332 daysLiberal PartyJuan Bautista Ceballos
5%
1845-1846271 daysConservative PartyMariano Paredes
5%
185538 daysConservative PartyMartín Carrera
5%
1832132 daysLiberal PartyMelchor Múzquiz
5%
1835-18361 year 30 daysLiberal PartyMiguel Barragán
5%
1847-184846 daysLiberal PartyPedro María de Anaya
5%
184748 daysLiberal PartyPedro María de Anaya
5%
185521 daysConservative PartyRómulo Díaz de la Vega
5%
1843-1844244 daysConservative PartyValentín Canalizo
5%
184476 daysConservative PartyValentín Canalizo
5%
1833114 daysLiberal PartyValentín Gómez Farías
5%
1833-1834135 daysLiberal PartyValentín Gómez Farías
5%
183315 daysLiberal PartyValentín Gómez Farías
5%
183345 daysLiberal PartyValentín Gómez Farías
5%
1846-184794 daysLiberal PartyValentín Gómez Farías
5%

Score Distribution

Percentile by Number Answered

Percent of People with Each Score

Your Score History

You have not taken this quiz